000 00667nam a2200217Ia 4500
003 OSt
005 20230623143643.0
008 210423s2016 xx 000 0 und d
020 _a978-81-7482-381-6
040 _cAL
041 _aeng
082 _a540.02 KULU
100 _aKULSHRESTHA (Hemant);TANEJA (Ajay)
_9110186
245 _aUpkars CSIR-UGC NET/JRF/SET chemical sciences: through solved problems
260 _aAgra
_bUpkar prakashan
_c2016
300 _aviii,667,48A,118
_bPB
365 _b835
_cINR
650 _aChemistry
_9110187
906 _achemical ; CSIR-UGC ; NET/JRF/SET ; problems ; sciences: ; solved ; through ; Upkars
942 _2ddc
_cBK
999 _c167842
_d167842